|
|
|
|
| LEADER |
00979nam a2200241 a 4500 |
| 001 |
13021895 |
| 008 |
090617s2002 pk a 001 0ceng d |
| 010 |
|
|
|a 2002341516
|
| 020 |
|
|
|a 9693513614
|
| 040 |
|
|
|a DLC
|c DLC
|
| 082 |
0 |
0 |
|a 760/.09549
|2 21
|
| 100 |
1 |
|
|a Hashmi, Salima.
|
| 245 |
1 |
0 |
|a Unveiling the visible :
|b lives and works of women artists of Pakistan /
|c Salima Hashmi.
|
| 260 |
|
|
|a Islamabad :
|b ActionAid Pakistan,
|c 2002.
|
| 300 |
|
|
|a 212 p. :
|b chiefly col. ill. ;
|c 27 cm.
|
| 504 |
|
|
|a Includes bibliographical references (p. 199-201) and index.
|
| 541 |
1 |
|
|e 00008840
|
| 650 |
|
0 |
|a Women artists
|z Pakistan
|v Biography.
|
| 650 |
|
0 |
|a Art, Pakistani.
|
| 710 |
2 |
|
|a ActionAid Pakistan (Organization).
|
| 852 |
4 |
|
|a Ayesha Abed Library
|j General shelf
|
| 999 |
|
|
|c 1475
|d 1475
|
| 952 |
|
|
|0 0
|1 0
|2 ddc
|4 0
|6 760_095490000000000_HAS
|7 0
|9 1354
|a BRACUL
|b BRACUL
|c GEN
|d 2009-06-28
|g 0.00
|l 0
|o 760.09549 HAS
|p 3010008840
|r 2009-06-28
|t 1
|w 2009-06-28
|y BK
|x No price found in the accession register.
|